Statistics for Brad Pitt Movies Quiz

Click here to take the quiz!

General Stats

  • This quiz has been taken 31,029 times
    (5,537 since last reset)
  • The average score is 13 of 20

Answer Stats

Year Description Movie % Correct
1999Soap maker starts a men's club dedicated to bareknuckle fighting.Fight Club
93%
2001One man and his ten closest associates plan an elaborate casino heist.Ocean's Eleven
91%
2008Freak of nature is born as an old man and gets younger every day.The Curious Case of
Benjamin Button
88%
1995Serial killer's crimes represent each of the deadly sins.Se7en
86%
2009Jewish-American soldiers hunt Nazis in France.Inglourious Basterds
86%
2005Oblivious husband and wife are both secret assassins - without the other's knowledge.Mr. & Mrs. Smith
85%
2019Washed up actor and his stunt double have a run-in with the Manson family.Once Upon a Time ...
in Hollywood
79%
2004Wrathful Achilles defeats the noble Hector.Troy
78%
2013UN employee travels around the world to find the origin of a deadly zombie virus.World War Z
72%
2011General manager Billy Beane uses statistics to save money on baseball players.Moneyball
69%
1991Free-spirited women shoot a rapist and must flee in their '66 Thunderbird convertible.Thelma & Louise
64%
1994Young journalist records a vampire's tale of insatiable bloodlust in
Paris and New Orleans.
Interview with the
Vampire
59%
2000London lowlifes pursue a stolen diamond while an Irish gypsy
is ensnared in a fight-fixing scheme.
Snatch
55%
2014Tank crew fights its way through Germany in the final months of WWII.Fury
50%
2019Astronaut goes into the solar system in search of his missing father.Ad Astra
50%
1998Grim reaper moves in with a rich tycoon - and starts to fall for the tycoon's daughter.Meet Joe Black
44%
1995Man must travel back in time to uncover the cause of a deadly virus.12 Monkeys
43%
2008Comically incompetent CIA officials must recover sensitive material left
in a Hardbodies gym.
Burn After Reading
38%
1992Fly fishing brothers grow up in Montana - one is rebellious, one is not.A River Runs
Through It
33%
1994Three brothers grow up in rural Montana and volunteer for World War One.Legends of the Fall
32%

Score Distribution

Percentile by Number Answered

Percent of People with Each Score

Your Score History

You have not taken this quiz since the last reset